00402 a2200157 4500003000400000005001700004008004100021020001800062040000900080082001700089100001800106245005600124250001200180260004200192300001000234OSt20240205102612.0240205b |||||||| |||| 00| 0 eng d a9789357420662 coclc a928.9bSHU/S aShukoor, P. M aSethu Ezhuthu Jeevitham Abhimukham /cP. M. Shukoor a1st ed. aKOZHIKODE:bOLIVE PUBLICATION,c2023. a512P.